00314nam a2200109Ia 4500008004100000041000800041100002000049245006400069260003300133300000800166700003000174250110s9999 xx 000 0 und d aeng aSagdeo Prachi S aLandscape Proposal For A Pugmark Zoo At Gorwada Lake Nagpur bM Arch Landscape, Punec2012 a50p aGuide Name:Divekar Asmita